00791nam a2200181 a 450000100100000000500170001000800410002704000250006810000430009324501350013626000330027130000210030459000750032565000220040065000200042295201500044299900170059200003513320250520113530.0111025s1958 mx 000 0 spa d aDO-SdBNPbspacBNPHU1 aUgarte, Héctor Manuel,d1914-96083210aDinámica de la conducta humana :bla psicología del hombre en relación con la vida instintiva /cpor Héctor Manuel Ugarte. aMéxico :bFournier,c1958. a254 p. ;c23 cm. aPerteneció a la biblioteca personal de Juan Isidro Jimenes Grullón20aPsicología915224aInstinto960833 0010507-18MOaGRbGRcOId2011-10-25iLF1l0o p35133-10r2020-06-25w2020-06-25y1zBiblioteca Juan Isidro Jiménes GrullónZNo se presta c34624d34624